| 000 | 00309nam a2200109Ia 4500 | ||
|---|---|---|---|
| 008 | 230907s9999||||xx |||||||||||||| ||und|| | ||
| 082 |
_a532 _bESS |
||
| 245 | 0 | _aENSC2001 essentials of fluid mechanics fundamentals and applications/ | |
| 260 |
_aMcGraw Hill _bAustralia: _c2012 |
||
| 300 | _a592p.: | ||
| 942 | _cBK | ||
| 999 |
_c597937 _d597937 |
||